Biggest Cities in Xinjiang on a Map - Statistics

General Stats
  • This quiz has been taken 103 times
  • The average score is 4 of 10
Answers on the Map
Answers color-coded by a green-red scale on the quiz's map according to % correct below.
 
Answer Stats
Population City % Correct
2,853,398 Ürümqi
100%
310,448 Kaxgar
65%
284,872 Aksu
48%
310,500 Kumul
38%
232,441 Karamay
37%
368,813 Gulja
31%
303,938 Changji
25%
425,182 Korla
21%
313,768 Shihezi
19%
145,456 Kuytun
15%
No matching quizzes found
Score Distribution
Percent of People with Each Score
Percentile by Number Answered
Your Score History
You have not taken this quiz